Wood Structure and Environment

Dendrochronology and wood anatomy developed for decades as two independent scientific fields. It was only in the last decade that it was made clear that the dimension of time is the fourth dimension for both sciences and that it was demonstrated that wood anatomy and dendrochronology are perfect par...

Πλήρης περιγραφή

Λεπτομέρειες βιβλιογραφικής εγγραφής
Κύριος συγγραφέας: Schweingruber, Fritz Hans (Συγγραφέας)
Συγγραφή απο Οργανισμό/Αρχή: SpringerLink (Online service)
Μορφή: Ηλεκτρονική πηγή Ηλ. βιβλίο
Γλώσσα:English
Έκδοση: Berlin, Heidelberg : Springer Berlin Heidelberg, 2007.
Σειρά:Springer Series in Wood Science,
Θέματα:
Διαθέσιμο Online:Full Text via HEAL-Link
LEADER 03295nam a22006015i 4500
001 978-3-540-48548-3
003 DE-He213
005 20151204154948.0
007 cr nn 008mamaa
008 100301s2007 gw | s |||| 0|eng d
020 |a 9783540485483  |9 978-3-540-48548-3 
024 7 |a 10.1007/978-3-540-48548-3  |2 doi 
040 |d GrThAP 
050 4 |a TH1-9745 
072 7 |a TNK  |2 bicssc 
072 7 |a TNKH  |2 bicssc 
072 7 |a TEC005050  |2 bisacsh 
082 0 4 |a 690  |2 23 
100 1 |a Schweingruber, Fritz Hans.  |e author. 
245 1 0 |a Wood Structure and Environment  |h [electronic resource] /  |c by Fritz Hans Schweingruber. 
264 1 |a Berlin, Heidelberg :  |b Springer Berlin Heidelberg,  |c 2007. 
300 |a XII, 279 p. 449 illus.  |b online resource. 
336 |a text  |b txt  |2 rdacontent 
337 |a computer  |b c  |2 rdamedia 
338 |a online resource  |b cr  |2 rdacarrier 
347 |a text file  |b PDF  |2 rda 
490 1 |a Springer Series in Wood Science,  |x 1431-8563 
505 0 |a Preparation of Wood and Herb Samples for Microscopic Analysis -- Growth Zones and Stems in Relation to Genetic Ecological Factors -- Modification of the Tree-Ring Anatomy Due to Ageing and the Position Within the Tree -- Modification of the Tree-Ring Structure Due to Extreme Site Conditions -- Modification of the Tree-Ring Structure Caused by Compression and Tension -- Modification of the Tree-Ring Structure Due to Defoliation and Pollarding -- Modification of the Tree-Ring Structure Due to Destructive Agents in Wood and Bark -- Modification of the Tree-Ring Structure Due to Deformed Stems and Anastomosis -- Modification of the Tree-Ring Structure Due to Wood Decay -- Conclusions. 
520 |a Dendrochronology and wood anatomy developed for decades as two independent scientific fields. It was only in the last decade that it was made clear that the dimension of time is the fourth dimension for both sciences and that it was demonstrated that wood anatomy and dendrochronology are perfect partners. The main aim of this book is to show the hidden ecological richness in stems and roots from trees, shrubs and herbs. It should encourage researchers to consider the anatomic microcosm of wood plants and use it as a retrospective source of information, solving problems related to ecophysiology, competition, site conditions, population biology, earth science, wood quality and even human history. 
650 0 |a Engineering. 
650 0 |a Plant ecology. 
650 0 |a Forestry. 
650 0 |a Trees. 
650 0 |a Forest products. 
650 0 |a Plant physiology. 
650 0 |a Buildings  |x Design and construction. 
650 0 |a Building. 
650 0 |a Construction. 
650 0 |a Engineering, Architectural. 
650 1 4 |a Engineering. 
650 2 4 |a Building Construction. 
650 2 4 |a Tree Biology. 
650 2 4 |a Wood Science & Technology. 
650 2 4 |a Plant Physiology. 
650 2 4 |a Plant Ecology. 
650 2 4 |a Forestry. 
710 2 |a SpringerLink (Online service) 
773 0 |t Springer eBooks 
776 0 8 |i Printed edition:  |z 9783540482994 
830 0 |a Springer Series in Wood Science,  |x 1431-8563 
856 4 0 |u http://dx.doi.org/10.1007/978-3-540-48548-3  |z Full Text via HEAL-Link 
912 |a ZDB-2-SBL 
950 |a Biomedical and Life Sciences (Springer-11642)